Δήμοι της Ελλάδας που Αρχίζουν από Ν - Statistics

General Stats
  • This quiz has been taken 9 times
  • The average score is 8 of 19
Answer Stats
Δήμος % Correct
Νάξου και Μικρών Κυκλάδων
83%
Ναυπλιέων
83%
Νάουσας
67%
Ναυπακτίας
67%
Νισύρου
67%
Νεάπολης-Συκεών
50%
Νέας Ιωνίας
50%
Νίκαιας-Αγίου Ιωάννη Ρέντη
50%
Νέας Σμύρνης
33%
Νεμέας
33%
Νεστορίου
33%
Νότιας Κέρκυρας
33%
Νότιας Κυνουρίας
33%
Νοτίου Πηλίου
33%
Νέας Ζίχνης
17%
Νέας Προποντίδας
17%
Νέας Φιλαδελφείας-Νέας Χαλκηδόνος
17%
Νέστου
17%
Νικολάου Σκουφά
17%
No matching quizzes found
Score Distribution
Percent of People with Each Score
Percentile by Number Answered
Your Score History
You have not taken this quiz